00391nam a2200157Ia 4500008004100000020001500041041001200056082001100068100002000079245004700099250000800146260003900154300000800193650001600201700001600217221030s9999 xx 000 0 und d a8131718298 aEnglish a105.23 aA. S. Tanenbaum 0aDistributed Systems Principles & Paradigms a2nd bPearson EdcuationaNew Delhic2008 a704 aBE Computer aM. V. Steek